An investigation into non-English major students' willingness to communicate: A case at a university in the Mekong Delta of Vietnam : Master of education. Program: Principles and methods in English language education
Nghiên cứu nhằm tìm hiểu những yếu tố ảnh hưởng đến sự sẵn sàng giao tiếp bằng tiếng Anh của sinh viên không chuyên trong giờ học tiếng Anh.
Uloženo v:
| Hlavní autor: | |
|---|---|
| Médium: | Kniha |
| Jazyk: | Undetermined |
| Vydáno: |
Cần Thơ
Trường Đại học Cần Thơ
2017
|
| Témata: | |
| Tagy: |
Přidat tag
Žádné tagy, Buďte první, kdo otaguje tento záznam!
|
| Thư viện lưu trữ: | Trung tâm Học liệu Trường Đại học Cần Thơ |
|---|
| LEADER | 01099nam a2200205Ia 4500 | ||
|---|---|---|---|
| 001 | CTU_225464 | ||
| 008 | 210402s9999 xx 000 0 und d | ||
| 082 | |a 428.00711 | ||
| 082 | |b Th114 | ||
| 100 | |a Nguyễn, Văn Thắm | ||
| 245 | 3 | |a An investigation into non-English major students' willingness to communicate: A case at a university in the Mekong Delta of Vietnam : | |
| 245 | 0 | |b Master of education. Program: Principles and methods in English language education | |
| 245 | 0 | |c Nguyễn Văn Thắm ; Phương Hoàng Yến (Cán bộ hướng dẫn) | |
| 260 | |a Cần Thơ | ||
| 260 | |b Trường Đại học Cần Thơ | ||
| 260 | |c 2017 | ||
| 520 | |a Nghiên cứu nhằm tìm hiểu những yếu tố ảnh hưởng đến sự sẵn sàng giao tiếp bằng tiếng Anh của sinh viên không chuyên trong giờ học tiếng Anh. | ||
| 650 | |a Tiếng Anh,English language | ||
| 650 | |x Dạy và học (Đại học),Study and teaching (Higher) | ||
| 980 | |a Trung tâm Học liệu Trường Đại học Cần Thơ | ||